Valuation of flexible workspace (Record no. 121127)

MARC details
000 -LEADER
fixed length control field 01012nam a22001937a 4500
001 - CONTROL NUMBER
control field K121127
008 - FIXED-LENGTH DATA ELEMENTS--GENERAL INFORMATION
fixed length control field 160218b2019 xxu||||| |||| 00| 0 eng d
041 ## - LANGUAGE CODE
Language code of text/sound track or separate title eng
110 ## - MAIN ENTRY--CORPORATE NAME
Corporate author Royal Institution of Chartered Surveyors
245 ## - TITLE STATEMENT
Title Valuation of flexible workspace
260 ## - PUBLICATION INFORMATION
Place of publication London,
Publisher RICS,
Date October 2019
490 ## - SERIES TITLE
Series statement RICS Insight Paper
520 ## - ABSTRACT
Abstract Provides insight and comment from key stakeholders with interests in the flexible workspace market. Defines the concept of flexible workspace as real estate space of varying size provided for business or institutional purposes for varying periods of time, usually for shorter periods and with more inclusive benefits than a traditional lease.<br/><br/>
650 ## - KEYWORDS
Keywords Flexible workspace
651 ## - SUBJECT ADDED ENTRY--GEOGRAPHIC NAME
Geographic name United Kingdom
690 ## - BROAD SUBJECT
9 (RLIN) 6227
Broad subject Commercial property
856 ## - ONLINE RESOURCE
Uniform Resource Identifier <a href="https://www.rics.org/globalassets/rics-website/media/knowledge/research/insights/valuation-of-flexible-workspace.pdf">https://www.rics.org/globalassets/rics-website/media/knowledge/research/insights/valuation-of-flexible-workspace.pdf</a>
Public note View the guidance free of charge at rics.org
942 ## - ADDED ENTRY ELEMENTS (KOHA)
Suppress in OPAC Do not suppress in OPAC
Holdings
Lost status Source of classification or shelving scheme Damaged status Not for loan Home library Current library Shelving location Date acquired Total Checkouts Date last seen Price effective from Koha item type
  Dewey Decimal Classification     Virtual Virtual Online 11/10/2019   23/11/2023 11/10/2019 Online material